000 00965nam a2200289 i 4500
001 000025699
003 DO-SdBNP
005 20250630104810.0
007 ta
008 091116s1973 dr r 000 f spa d
040 _aDO-SdBNP
_bspa
_cBNPHU
_erda
082 4 _aRD863.44
_bP936m
_222
100 _aPrestol Castillo, Freddy,
_d1914-1981
_eautor
_4aut.
_922071
245 1 3 _aEl Masacre se pasa a pie /
_cFreddy Prestol Castillo.
250 _aPrimera edición
264 1 _aSanto Domingo :
_bTaller,
_c1973.
300 _a153 páginas ;
_c20 cm.
336 _atexto
_btxt
_2rdacontent
337 _asin mediación
_bn
_2rdamedia
338 _avolumen
_bn
_2rdacarrier
590 _aInventariado, 2019/BT
650 4 _aNovela histórica dominicana.
_9860
650 4 _aLiteratura dominicana.
_967
651 0 _aREPÚBLICA DOMINICANA
_xHISTORIA
_yERA DE TRUJILLO, 1930-1961
_xNOVELA
_921999
910 _aVMateo / Validado. Control de calidad. MFF
942 _2ddc
_cLBS1
999 _c25191
_d25191